000 00796cab a2200253 4500
001 ABS53332
008 090401t1995 xxu||||| |||| 00| 0 eng d
035 _a(Sirsi) u3598
041 _aeng
100 _aWhittaker, R.
245 _aAll potential office relocators take heart, relief is at hand
260 _c1995
350 _a0
490 _aProperty Week
_v51(13) 29 June 1995, 29(1)
520 _aDiscusses the capital allowances available on fitting out which are of particular interest to firms wishing to relocate.
650 _aCAPITAL ALLOWANCES ACT 1990
650 _aCAPITAL ALLOWANCES
650 _aFITTING OUT
650 _aBUILT ENVIRONMENT-BUILDING MAINTENANCE AND REFURBISHMENT
650 _aRELOCATION
690 _aTAXATION
942 _n0
948 _c04/03/1997
999 _c2214
_d2214